02261nam a2200373Ia 450000500170000000800410001702000150005808200210007311000590009424501840015325000190033730000420035665000350039865000300043365000360046370000380049970000270053771000590056494200120062326400600063533600270069533700330072233800280075504000350078399900150081895201180083395201280095195201340107995201350121395201370134895201330148595201340161895201350175220220317000659.0160601s1992 ck a g 000 0 spa  a958923911004a677.028861bM87a1 aMuseo de Artes y Tradiciones Populares. Bogotá9693410aArtesanía, comunidad y desarrollo, memoria y futuro bCasa de la hamaca, Morroa, Sucre cMuseo de Artes y Tradiciones Populares, Asociación Colombiana de Promoción Artesanal a1a. edición  a48 páginas bilustraciones c22 cm 142LEMBaArtesanías xHistoria 142LEMBaArtesanía en tela142LEMBaArtesanías colombianas 1 aQuiceno, Pedroeilustrador9525131 aRincón, Sonia9525141 aAsociación Colombiana de Promoción Artesanal96944 2ddccBK aBogotá bMuseo de Artes y Tradiciones Popularesc1992 atextobtxt2rdacontent asin mediaciónbn2rdamedia avolumenbnc2rdacarrier aCO-BoRNBPbspaerdacCO-BoRNBP c4754d4754 00102ddc40708GENaMEPRICObMEPRICOcGENd2023-04-04l0pPR00000872r2023-04-04 00:00:00tEj.1w2023-04-04yBK 00102ddc40708GENaMEDORADObMEDORADOcGENd2023-04-11o 677.028861pDOR03214r2023-04-11 00:00:00tEj.1w2023-04-11yBK 00102ddc40708GENaMECASTILbMECASTILcGENd2023-08-04l0o677.028861 M87apEC01268r2023-08-04 19:26:24tEj.1w2023-08-04yBK 00102ddc40708GENaMESMARTIbMESMARTIcGENd2023-08-14l0o677.028861 M87apSM001623r2023-08-14 19:50:03tEj.1w2023-08-14yBK 00102ddc40708GENaMEMAPIRIbMEMAPIRIcGENd2024-01-05l0o677.028861 M87apMAP0000820r2024-01-05 16:38:00tEj.1w2024-01-05yBK 00102ddc40708GENaMEURIBEbMEURIBEcGENd2024-08-09l0o677.028861 M87apURI00864r2024-08-09 16:08:23tEj.1w2024-08-09yBK 00102ddc40708GENaMESGUARObMESGUAROcGENd2025-06-04l0o677.028861 M87apSG03201r2025-06-04 14:46:52tEj.1w2025-06-04yBK 00102ddc40708GENaMELEJANIbMELEJANIcGENd2025-10-07l0o677.028861 M87apLEJ00945r2025-10-07 20:58:24tEj.1w2025-10-07yBK